Online education : (Record no. 192983)

MARC details
000 -LEADER
fixed length control field 01689nam a22003973i 4500
001 - CONTROL NUMBER
control field EBC31974105
003 - CONTROL NUMBER IDENTIFIER
control field MiAaPQ
005 - DATE AND TIME OF LATEST TRANSACTION
control field 20251025131457.0
006 - FIXED-LENGTH DATA ELEMENTS--ADDITIONAL MATERIAL CHARACTERISTICS
fixed length control field m o d |
007 - PHYSICAL DESCRIPTION FIXED FIELD--GENERAL INFORMATION
fixed length control field cr cnu||||||||
008 - FIXED-LENGTH DATA ELEMENTS--GENERAL INFORMATION
fixed length control field 250925t20262026nyu ob 001 0 eng
020 ## - INTERNATIONAL STANDARD BOOK NUMBER
International Standard Book Number 9781040384572
Qualifying information (electronic bk.)
020 ## - INTERNATIONAL STANDARD BOOK NUMBER
Canceled/invalid ISBN 9781032839912
035 ## - SYSTEM CONTROL NUMBER
System control number (MiAaPQ)EBC31974105
035 ## - SYSTEM CONTROL NUMBER
System control number (Au-PeEL)EBL31974105
035 ## - SYSTEM CONTROL NUMBER
System control number (OCoLC)1524423256
040 ## - CATALOGING SOURCE
Original cataloging agency MiAaPQ
Language of cataloging eng
Description conventions rda
-- pn
Transcribing agency MiAaPQ
Modifying agency MiAaPQ
082 04 - DEWEY DECIMAL CLASSIFICATION NUMBER
Classification number 371.33/44678
Edition number 23
100 1# - MAIN ENTRY--PERSONAL NAME
Personal name Picciano, Anthony G.,
Relator term author.
9 (RLIN) 292425
245 10 - TITLE STATEMENT
Title Online education :
Remainder of title foundations, planning, and pedagogy /
Statement of responsibility, etc. Anthony G. Picciano.
250 ## - EDITION STATEMENT
Edition statement Second edition.
264 #1 - PRODUCTION, PUBLICATION, DISTRIBUTION, MANUFACTURE, AND COPYRIGHT NOTICE
Place of production, publication, distribution, manufacture New York ;
-- London :
Name of producer, publisher, distributor, manufacturer Taylor & Francis Group,
Date of production, publication, distribution, manufacture, or copyright notice [2026]
264 #4 - PRODUCTION, PUBLICATION, DISTRIBUTION, MANUFACTURE, AND COPYRIGHT NOTICE
Date of production, publication, distribution, manufacture, or copyright notice ©2026
300 ## - PHYSICAL DESCRIPTION
Extent 1 online resource (246 pages)
336 ## - CONTENT TYPE
Content type term text
Source rdacontent
337 ## - MEDIA TYPE
Media type term computer
Source rdamedia
338 ## - CARRIER TYPE
Carrier type term online resource
Source rdacarrier
504 ## - BIBLIOGRAPHY, ETC. NOTE
Bibliography, etc. note Includes bibliographical references and index.
588 ## - SOURCE OF DESCRIPTION NOTE
Source of description note Description based on publisher supplied metadata and other sources.
590 ## - LOCAL NOTE (RLIN)
Local note Electronic reproduction. Ann Arbor, Michigan : ProQuest Ebook Central, 2025. Available via World Wide Web. Access may be limited to ProQuest Ebook Central affiliated libraries.
650 #0 - SUBJECT ADDED ENTRY--TOPICAL TERM
Topical term or geographic name entry element Web-based instruction.
650 #0 - SUBJECT ADDED ENTRY--TOPICAL TERM
Topical term or geographic name entry element Distance education
General subdivision Effect of technological innovations on.
655 #4 - INDEX TERM--GENRE/FORM
Genre/form data or focus term Electronic books.
776 08 - ADDITIONAL PHYSICAL FORM ENTRY
Relationship information Print version:
International Standard Book Number 9781032839912
856 40 - ELECTRONIC LOCATION AND ACCESS
Uniform Resource Identifier https://ezproxy.taylors.edu.my/login?url=https://ebookcentral.proquest.com/lib/taylors/detail.action?docID=31974105
Public note An electronic book accessible through the World Wide Web; click to view
Holdings
Withdrawn status Lost status Source of classification or shelving scheme Damaged status Not for loan Home library Current library Date acquired Source of acquisition Cost, normal purchase price Inventory number Total Checkouts Date last seen Cost, replacement price Price effective from Koha item type Public note
    Dewey Decimal Classification   e-book Taylor's Library-TU Taylor's Library - Perpetual(TU) 29/10/2025 119 3576.96 TU700001818   29/10/2025 3576.96 29/10/2025 Main Collection SOEDx,11721,03,RA,PPT